000 01017nmm a2200301 a 4500
001 ocm0002015434
003 TR-IsHL
005 20201028175550.0
008 181029s2016 tu tur
007 cr cn
020 _a9786059148504
035 _a2015434
_b(N$T)
050 0 4 _aPL76.9.Ö84
_bB3 2016
090 0 4 _aPL76.9.Ö84
_bB3 2016
245 1 0 _aBağımsızlığa adanan ömür: Mahambet Ötemisulı
_h[electronic resource] /
_cyayına hazırlayanlar Orhan Söylemez, Ayabek Bayniyazov
250 _a1. Baskı
260 _aAnkara :
_bBengü Yayınları,
_c2016
300 _a108 p.
650 4 _aDil ve Edebiyat
650 4 _aLanguage and Literature
650 0 _aKazak Literature
_x Poetry
650 0 _aKazak Edebiyatı
_x Şiir
650 0 _aÖtemisulı, Mahambet
650 7 _aPOETRY / Asian / General
_2bisacsh
700 1 _aSöylemez, Orhan
700 1 _aBayniyazov, Ayabek
856 4 0 _uhttp://search.ebscohost.com/login.aspx?direct=true&scope=site&db=e011xww&AN=2015434
999 _c18730
_d18730